Clubs où a joué Erling Haaland - Statistiques

Statistiques générales
  • Ce quiz a été pris 15 fois
  • Le résultat moyen est 4 sur 6
Statistiques - réponses
Années Clubs Pays % Correct
depuis 2022 Manchester City Angleterre
93%
2020 - 2022 Borussia Dortmund Allemagne
80%
2019 - 2020 RB Salzbourg Autriche
80%
2006 - 2015 Bryne FK Norvège
47%
2015 - 2017 Bryne FK Norvège
47%
2017 - 2019 Molde FK Norvège
47%
Aucun quiz correspondant
Distribution des résultats
% des personnes avec chaque résultat
Percentile par nombre de réponses
Votre historique - résultats
Vous n’avez pas pris ce quiz